| 000 | 01572nam a2200397 a 4500 | ||
|---|---|---|---|
| 001 | ebr10224802 | ||
| 003 | CaPaEBR | ||
| 006 | m u | ||
| 007 | cr cn||||||||| | ||
| 008 | 060908s2006 enk sb 001 0 eng | ||
| 010 | _z 2006297698 | ||
| 015 |
_aGBA619524 _2bnb |
||
| 016 | 7 |
_z013392085 _2Uk |
|
| 020 | _z0826486525 (hbk.) | ||
| 040 |
_aCaPaEBR _cCaPaEBR |
||
| 035 | _a(OCoLC)229445688 | ||
| 050 | 1 | 4 |
_aPN1995.9.M34 _bB35 2006eb |
| 082 | 0 | 4 |
_a700/.453 _222 |
| 100 | 1 |
_aBaker, Brian, _d1969- |
|
| 245 | 1 | 0 |
_aMasculinity in fiction and film _h[electronic resource] : _brepresenting men in popular genres, 1945-2000 / _cBrian Baker. |
| 260 |
_aLondon ; _aNew York : _bContinuum, _cc2006. |
||
| 300 | _axii, 173 p. | ||
| 490 | 1 | _aContinuum literary studies | |
| 504 | _aIncludes bibliographical references (p. [158]-168) and index. | ||
| 533 |
_aElectronic reproduction. _bPalo Alto, Calif. : _cebrary, _d2013. _nAvailable via World Wide Web. _nAccess may be limited to ebrary affiliated libraries. |
||
| 650 | 0 | _aMasculinity in motion pictures. | |
| 650 | 0 | _aMen in motion pictures. | |
| 650 | 0 | _aMasculinity in literature. | |
| 650 | 0 | _aMen in literature. | |
| 650 | 0 |
_aEnglish fiction _y20th century _xHistory and criticism. |
|
| 650 | 0 |
_aAmerican fiction _y20th century _xHistory and criticism. |
|
| 655 | 7 |
_aElectronic books. _2local |
|
| 710 | 2 | _aebrary, Inc. | |
| 830 | 0 | _aContinuum literary studies. | |
| 856 | 4 | 0 |
_uhttp://site.ebrary.com/lib/rucke/Doc?id=10224802 _zAn electronic book accessible through the World Wide Web; click to view |
| 999 |
_c40583 _d40583 |
||